| 000 | 00944cam a2200301 i 4500 | ||
|---|---|---|---|
| 999 |
_c200447872 _d66084 |
||
| 003 | TR-AnTOB | ||
| 005 | 20220624104448.0 | ||
| 007 | ta | ||
| 008 | 160422s1993 tu $r03101 $$$$ f0tu ur u | ||
| 040 |
_aTR-AnTOB _beng _erda _cTR-AnTOB |
||
| 041 | 0 | _atur | |
| 044 | _ctu | ||
| 050 | 0 | 0 |
_aPL248.Y87 _bT38 1993 |
| 090 | 0 | 0 |
_aPL248.Y87 _bT38 1993 |
| 100 | 1 |
_aTatçı, Mustafa, _d1961- _eauthor _951475 |
|
| 245 | 1 | 0 |
_aÜmmi Sinan halveti / _cDr. Mustafa Tatçı. |
| 246 | 1 | 4 | _aElmalı’lı Ümmi Sinan halveti. |
| 264 | 1 |
_aAntalya : _bElmalı Halk Eğitim Merkezi , _c1993. |
|
| 300 |
_a64 pages ; _c21 cm |
||
| 336 |
_atext _btxt _2rdacontent |
||
| 337 |
_aunmediated _bn _2rdamedia |
||
| 338 |
_avolume _bnc _2rdacarrier |
||
| 490 | 0 |
_aElmalı Halk Eğitim Merkezi ve Akşam Okulu Müdürlüğü Yayınları ; _v1 |
|
| 504 | _aBIB | ||
| 600 | 0 | 0 |
_aYusuf Sinan Ümmı̂, _d1568?-1657 _9135925 |
| 942 |
_2lcc _cBK |
||